UBT Library

The new age of innovation : (Record no. 43640)

000 -LEADER
fixed length control field 00946cam a2200289 a 4500
001 - CONTROL NUMBER
control field 15343177
005 - DATE AND TIME OF LATEST TRANSACTION
control field 20180227091334.0
008 - FIXED-LENGTH DATA ELEMENTS--GENERAL INFORMATION
fixed length control field 080625s2008 nyua b 001 0 eng d
010 ## - LIBRARY OF CONGRESS CONTROL NUMBER
LC control number 2008299793
015 ## - NATIONAL BIBLIOGRAPHY NUMBER
National bibliography number GBA824838
Source bnb
016 7# - NATIONAL BIBLIOGRAPHIC AGENCY CONTROL NUMBER
Record control number 014536665
Source Uk
020 ## - INTERNATIONAL STANDARD BOOK NUMBER
International Standard Book Number 9780071598286 (hbk.)
020 ## - INTERNATIONAL STANDARD BOOK NUMBER
International Standard Book Number 0071598286 (hbk.)
035 ## - SYSTEM CONTROL NUMBER
System control number (OCoLC)ocn213110040
040 ## - CATALOGING SOURCE
Original cataloging agency UKM
Transcribing agency UKM
Modifying agency BAKER
-- BWX
-- BTCTA
-- HNW
-- YDXCP
-- HUH
-- DLC
041 ## - LANGUAGE CODE
Language code of text/sound track or separate title eng
042 ## - AUTHENTICATION CODE
Authentication code lccopycat
080 ## - UNIVERSAL DECIMAL CLASSIFICATION NUMBER
Universal Decimal Classification number 658.4012 PRA
082 04 - DEWEY DECIMAL CLASSIFICATION NUMBER
Classification number 658.4012 PRA
Edition number 22
100 1# - Rafti
Rafti 54
101 ## - Shkurtesa
Shkurtesa MEN
245 14 - TITLE STATEMENT
Title The new age of innovation :
Statement of responsibility, etc C.K. Prahalad, M.S. Krishnan.
504 ## - BIBLIOGRAPHY, ETC. NOTE
Bibliography, etc Includes bibliographical references (p. 259-265) and index.
906 ## - LOCAL DATA ELEMENT F, LDF (RLIN)
a 7
b cbc
c copycat
d 2
e ncip
f 20
g y-gencatlg
942 ## - ADDED ENTRY ELEMENTS (KOHA)
Source of classification or shelving scheme
Item type Books
Holdings
Withdrawn status Lost status Source of classification or shelving scheme Damaged status Not for loan Collection code Permanent location Current location Shelving location Date acquired Total Checkouts Full call number Barcode Date last seen Price effective from Koha item type
          Koleksioni i përgjithshem UBT - Lipjan UBT - Lipjan Koleksioni i përgjithshem 02/27/2018   658.4012 PRA 002-3000241 02/27/2018 02/27/2018 Books
UBT Library © 2015-2024. All rights reserved University Education for Business and Technology